MICROSOFT ACCESS 2007 BIBLE (Record no. 34638)

MARC details
000 -LEADER
fixed length control field 00251nam a2200109Ia 4500
008 - FIXED-LENGTH DATA ELEMENTS--GENERAL INFORMATION
fixed length control field 240625s9999 xx 000 0 und d
041 ## - LANGUAGE CODE
Language code of text/sound track or separate title eng
082 ## - DEWEY DECIMAL CLASSIFICATION NUMBER
Classification number 005.7565 GRO
100 ## - MAIN ENTRY--PERSONAL NAME
Personal name GROH MICHAEL
245 ## - TITLE STATEMENT
Title MICROSOFT ACCESS 2007 BIBLE
260 ## - PUBLICATION, DISTRIBUTION, ETC.
Date of publication, distribution, etc. 2009
Holdings
Withdrawn status Lost status Damaged status Not for loan Home library Current library Shelving location Date acquired Full call number Barcode Date last seen Price effective from Koha item type
        IMTN IMTN Rack 3-B 05/20/2010 005.7565 GRO CD1657 06/25/2024 06/25/2024 CD
Designed & Maintained by: LRC IMT Nagpur Contact: lrc@imtnag.ac.in© 2024. All Rights Reserved.